00587nam a2200169 a 45000010005000000030005000050050017000100080041000270400026000681000022000942450050001162600021001669420013001879990015002009520103002159520099003182868CDMR20130904184231.0130130s1994||||||||||||||||||||||||||||d  aCDMRbcatcCPC GIRONA1 aGomis, Joan9210510aMemòries cíviquesb1950-1975cGomis, Joan  c1994bLa Campana  cMON2udc  c2868d2868  00104070aGIRONAbGIRONAd2010-12-03l0oBk 313 (2)pGIRONA13119795r2013-01-16w2013-01-16yMON  00104070aGIRONAbGIRONAd2010-12-03l0oBk 313pGIRONA13119796r2013-01-16w2013-01-16yMON